000
00316nam a22001457a 4500
020
_a
81-8204-027-2
082
_a
651.028
_b
GHO
100
_a
GHOSH, S.G
245
_a
CHEK AND CHEK OUT
260
_a
DELHI
_b
AMAN PUBLISHER
_c
2006
300
_a
130
650
_a
HOTEL MANAGEMENT
653
_a
CHEK
942
_2
ddc
_c
BK
999
_c
8103
_d
8103